Co to za piłkarz? - Statystyki

Ogólne statystyki
  • Ten quiz został rozwiązany 805 razy
  • Średni wynik to 7 z 10
Statystyki odpowiedzi
Kraj pochodzenia i klub Piłkarz % Poprawnych
Brazylia, Paris Saint-Germain Neymar
95%
Portugalia , Juventus Cristiano Ronaldo
92%
Polska, Bayern Monachiuma Robert Lewandowski
91%
Argentyna , Barcelona Lionel Messi
87%
Belgia, Real Madryt Eden Hazard
67%
Francja, Paris Saint-Germain Kylian Mbappe
66%
Argentyna, Juwentus Paulo Dybala
62%
Holandia, Liverpool Virgil van Dijk
62%
Hiszpania,Manchester Unaited David de Gea
53%
Hiszpania, Real Madryt Sergio Ramos
52%
Nie znaleziono quizów pasujących do podanych kryteriów
Rozkład punktacji
Procent ludzi z każdym wynikiem
Percentyl według liczby udzielonych odpowiedzi
Twoja historia wyników
Nie rozwiązałeś tego quizu